000 00480nam a2200205Ia 4500
008 180523s9999 xx 000 0 und d
020 _a978-981-4416-09-2
050 _aMAIN QA 531
050 _b.L37 2012
100 _aLarson, Ron
245 0 _aTrigonometry /
245 0 _cRon Larson.
260 _aSingapore :
260 _bCengage Learning,
260 _c2012
300 _a244 pages:
300 _billustrations ;
300 _c26 cm.
650 _aTrigonometry.
999 _c357481
_d357481